Barreras y facilitadores para el control prenatal en adolescentes: resultados de un estudio cualitativo en Chile /
Uloženo v:
| Hlavní autor: | |
|---|---|
| Další autoři: | , , , |
| Médium: | Text |
| Tagy: |
Přidat tag
Žádné tagy, Buďte první, kdo vytvoří štítek k tomuto záznamu!
|
MARC
| LEADER | 00000 a a2200000 04500 | ||
|---|---|---|---|
| 001 | 46169 | ||
| 003 | |||
| 040 | |||
| 100 | |a Poffald, Lucy | ||
| 245 | |a Barreras y facilitadores para el control prenatal en adolescentes: |b resultados de un estudio cualitativo en Chile / |c Lucy Poffald, Ximena Aguilera, Jeanette Vega, María José González, Gabriel Sanhueza | ||
| 700 | |a Ximena Aguilera, | ||
| 700 | |a Vega, Jeanette | ||
| 700 | |a González, María José | ||
| 700 | |a Sanhueza, Gabriel | ||
| 773 | |g volumen55, número6 ( , 2013), páginas 72-579 | ||
| 999 | |c 32659 |d 32659 | ||
